000
00333 a2200157 4500
001
69240
020
_a
8574060798
040
_c
Anchieta - Itaigara
100
_a
Zatz, SÃlvia
240
1
0
_a
Planeta Corpo
_l
por
245
1
0
_a
Planeta Corpo
300
_a
78
362
0
_a
2000
650
4
_a
Literatura infanto-juvenil
942
_c
BK
999
_c
69240
_d
69240